Diccionario de ciencias de la educación /

מידע ביבליוגרפי
מחבר ראשי: Castro-Kikuchi, Luis (autor.)
פורמט: ספר
שפה:Spanish
יצא לאור: Quito: Editorial Opción, 2006.
מהדורה:Primera edición.
נושאים:

MARC

LEADER 00000nam a2200000 a 4500
003 Ucuenca
005 20230308231806.0
006 a||||gr|||| 000 0
007 ta
008 230104t20062006ec ||||g dddd 000 0 spa a
020 |a 978-9978-45-313-1 
040 |a UCuenca-cdrjbv  |b spa  |c UCuenca  |e rda 
041 |a spa 
082 0 |2 22  |a 370.3  |c 35396733 
100 1 |9 272872  |a Castro-Kikuchi, Luis.  |e autor. 
245 1 0 |a Diccionario de ciencias de la educación /   |c Luis Castro-Kikuchi. 
250 |a Primera edición. 
264 1 |a Quito:   |b Editorial Opción,   |c 2006. 
300 |a 302 páginas:  |c 30 cm 
336 |2 rdacontent  |a texto  |b txt 
337 |2 rdamedia  |a no mediado  |b n 
338 |2 rdacarrier  |a volumen  |b nc 
650 1 0 |a Material de referencia  |9 4778 
650 2 7 |a Lúdico  |9 15446 
651 |2 UCuenca-cdrjbv 
942 |2 ddc  |c REF  |z wilman.tandazo@ucuenca.edu.ec 
999 |c 161125  |d 161125